The origin of hindu customs / (Record no. 37652)

MARC details
000 -LEADER
fixed length control field 00740nam a22002057a 4500
005 - DATE AND TIME OF LATEST TRANSACTION
control field 2010072607507.0
010 ## - LCCN (DPL NO)
LC control number ENG-96883
020 ## - INTERNATIONAL STANDARD BOOK NUMBER
International Standard Book Number 9788184420197
Terms of availability 450.00
035 ## - SYSTEM CONTROL NUMBER
System control number EN-80416
037 ## - SOURCE OF ACQUISITION
Source of stock number/acquisition DBAD/PUB
082 ## - DEWEY DECIMAL CLASSIFICATION NUMBER
Classification number 390.0954
100 ## - MAIN ENTRY--PERSONAL NAME
Personal name Rice, Stanley
245 ## - TITLE STATEMENT
Title The origin of hindu customs /
Statement of responsibility, etc by Stanley Rice
260 ## - PUBLICATION, DISTRIBUTION, ETC. (IMPRINT)
Place of publication, distribution, etc Delhi
Name of publisher, distributor, etc Universal Voice
Date of publication, distribution, etc 2010
270 ## - ADDRESS
Address GF-6, Prakash Deep Building, 4735/22, Ansari Road, Darya Ganj,
City Delhi
Postal code 110002
Telephone number 011-24501939
Electronic mail address www.universalvoice.chand@gmail.com
300 ## - PHYSICAL DESCRIPTION
Extent xiii, 235p.
Dimensions 22cm, (Hb)
500 ## - GENERAL NOTE
General note includes index
942 ## - ADDED ENTRY ELEMENTS (KOHA)
Source of classification or shelving scheme Dewey Decimal Classification
Item type English Books
Call number suffix RIC
Holdings
Withdrawn status Lost status Not for loan Collection code Home library Current library Date acquired Source of acquisition Cost, normal purchase price Full call number Barcode Copy number Cost, replacement price Koha item type
    Not For Loan Non-fiction D.B.Act.Division D.B.Act.Division 26/07/2010 DBAD/PUB 450.00 RIC EN-80416 1 450.00 English Books

© Delhi Public Library
Hit Counter
free hit counter